<?xml version="1.0" encoding="UTF-8"?>
<record
    xmlns:xsi="http://www.w3.org/2001/XMLSchema-instance"
    xsi:schemaLocation="http://www.loc.gov/MARC21/slim http://www.loc.gov/standards/marcxml/schema/MARC21slim.xsd"
    xmlns="http://www.loc.gov/MARC21/slim">

  <leader>03759njm a2200577Ia 4500</leader>
  <controlfield tag="001">24143</controlfield>
  <controlfield tag="003">IT-RoPAU</controlfield>
  <controlfield tag="005">20220918181119.0</controlfield>
  <controlfield tag="008">131025s9999    xx            000 0 und d</controlfield>
  <datafield tag="040" ind1=" " ind2=" ">
    <subfield code="a">IT-RoPAU</subfield>
  </datafield>
  <datafield tag="040" ind1=" " ind2=" ">
    <subfield code="c">IT-RoPAU</subfield>
  </datafield>
  <datafield tag="999" ind1=" " ind2=" ">
    <subfield code="c">99631</subfield>
    <subfield code="d">99631</subfield>
  </datafield>
  <datafield tag="999" ind1=" " ind2=" ">
    <subfield code="b">n.d.</subfield>
  </datafield>
  <datafield tag="100" ind1=" " ind2=" ">
    <subfield code="a">AA.VV.</subfield>
    <subfield code="9">794</subfield>
  </datafield>
  <datafield tag="100" ind1=" " ind2=" ">
    <subfield code="e">Autore musica</subfield>
    <subfield code="9">9105</subfield>
  </datafield>
  <datafield tag="100" ind1=" " ind2=" ">
    <subfield code="g">Codice autore musica SPICS: 12000</subfield>
    <subfield code="9">796</subfield>
  </datafield>
  <datafield tag="245" ind1=" " ind2=" ">
    <subfield code="a">Will Glah&#xE8; in Bavaria</subfield>
  </datafield>
  <datafield tag="250" ind1=" " ind2=" ">
    <subfield code="a">1a ed.</subfield>
  </datafield>
  <datafield tag="260" ind1=" " ind2=" ">
    <subfield code="a">LONDON</subfield>
  </datafield>
  <datafield tag="260" ind1=" " ind2=" ">
    <subfield code="b">DECCA RECORD COMPANY</subfield>
    <subfield code="c">1965 [1a Ed.:1965 - Ed. Lingua Orig.: 1965]</subfield>
  </datafield>
  <datafield tag="300" ind1=" " ind2=" ">
    <subfield code="a">DISCO</subfield>
  </datafield>
  <datafield tag="500" ind1=" " ind2=" ">
    <subfield code="a">Musica strumentale. Polka, valzer. Arrangiamento Accordeon</subfield>
  </datafield>
  <datafield tag="505" ind1=" " ind2=" ">
    <subfield code="a">Beer Barrel Polka - The Skaters Waltz - Gold and Silver-Waltz - Liechtensteiner Polka - Auf Wiederseh'n Sweetheart - In Munchen Steht Ein Hofbrauhaus-Valzer - Hoop-Dee-Doo (Polka) - Wenzel-Polka - Pennsylvania Polka - Vienna, City of My Dreams. Slow Waltz - Forever and a Day. Valzer - Clarinetten-Polka</subfield>
  </datafield>
  <datafield tag="650" ind1=" " ind2=" ">
    <subfield code="a">STRUMENTALE [DISCHI]</subfield>
    <subfield code="e">Codice MATERIA SPICS: 9950</subfield>
    <subfield code="9">828</subfield>
  </datafield>
  <datafield tag="700" ind1=" " ind2=" ">
    <subfield code="a">Glah&#xE9; Will</subfield>
    <subfield code="g">Codice interprete SPICS: 8033</subfield>
    <subfield code="e">Interprete</subfield>
    <subfield code="9">9106</subfield>
  </datafield>
  <datafield tag="700" ind1=" " ind2=" ">
    <subfield code="a">Vejvoda Jaromir</subfield>
    <subfield code="g">Codice autore musica SPICS: 13982</subfield>
    <subfield code="e">Autore musica</subfield>
    <subfield code="p">Beer Barrel Polka</subfield>
    <subfield code="9">9107</subfield>
  </datafield>
  <datafield tag="700" ind1=" " ind2=" ">
    <subfield code="a">Brown</subfield>
    <subfield code="g">Codice autore SPICS: 20445</subfield>
    <subfield code="e">Autore</subfield>
    <subfield code="p">Beer Barrel Polka</subfield>
    <subfield code="9">9108</subfield>
  </datafield>
  <datafield tag="700" ind1=" " ind2=" ">
    <subfield code="a">Richter</subfield>
    <subfield code="g">Codice autore testo/musica SPICS: 27133</subfield>
    <subfield code="e">Autore testo/musica</subfield>
    <subfield code="p">Beer Barrel Polka</subfield>
    <subfield code="9">9109</subfield>
  </datafield>
  <datafield tag="700" ind1=" " ind2=" ">
    <subfield code="a">Waldtenfel</subfield>
    <subfield code="g">Codice autore musica SPICS: 14045</subfield>
    <subfield code="e">Autore musica</subfield>
    <subfield code="p">The Skaters Waltz</subfield>
    <subfield code="9">9110</subfield>
  </datafield>
  <datafield tag="700" ind1=" " ind2=" ">
    <subfield code="a">Lehar Franz</subfield>
    <subfield code="g">Codice autore musica SPICS: 1257</subfield>
    <subfield code="e">Autore musica</subfield>
    <subfield code="p">Gold and Silver-Waltz</subfield>
    <subfield code="9">9111</subfield>
  </datafield>
  <datafield tag="700" ind1=" " ind2=" ">
    <subfield code="a">Kotscher</subfield>
    <subfield code="g">Codice autore musica SPICS: 13978</subfield>
    <subfield code="e">Autore musica</subfield>
    <subfield code="p">Liechtensteiner Polka</subfield>
    <subfield code="9">9112</subfield>
  </datafield>
  <datafield tag="700" ind1=" " ind2=" ">
    <subfield code="a">Lindt </subfield>
    <subfield code="g">Codice autore SPICS: 13979</subfield>
    <subfield code="e">Autore</subfield>
    <subfield code="p">Liechtensteiner Polka</subfield>
    <subfield code="9">9113</subfield>
  </datafield>
  <datafield tag="700" ind1=" " ind2=" ">
    <subfield code="a">Seener</subfield>
    <subfield code="g">Codice autore testo/musica SPICS: 27134</subfield>
    <subfield code="e">Autore testo/musica</subfield>
    <subfield code="p">Liechtensteiner Polka</subfield>
    <subfield code="9">9114</subfield>
  </datafield>
  <datafield tag="700" ind1=" " ind2=" ">
    <subfield code="a">Storch</subfield>
    <subfield code="g">Codice autore musica SPICS: 13986</subfield>
    <subfield code="e">Autore musica</subfield>
    <subfield code="p">Auf Wiederseh'n Sweetheart</subfield>
    <subfield code="9">9115</subfield>
  </datafield>
  <datafield tag="700" ind1=" " ind2=" ">
    <subfield code="a">Sexton</subfield>
    <subfield code="g">Codice autore SPICS: 27135</subfield>
    <subfield code="e">Autore</subfield>
    <subfield code="p">Auf Wiederseh'n Sweetheart</subfield>
    <subfield code="9">9116</subfield>
  </datafield>
  <datafield tag="700" ind1=" " ind2=" ">
    <subfield code="a">Turner Joe</subfield>
    <subfield code="g">Codice autore testo/musica SPICS: 15797</subfield>
    <subfield code="e">Autore testo/musica</subfield>
    <subfield code="p">Auf Wiederseh'n Sweetheart</subfield>
    <subfield code="9">9117</subfield>
  </datafield>
  <datafield tag="700" ind1=" " ind2=" ">
    <subfield code="a">Richter Frantisek Xaver</subfield>
    <subfield code="g">Codice autore musica SPICS: 14275</subfield>
    <subfield code="e">Autore musica</subfield>
    <subfield code="p">In Munchen Steht Ein Hofbrauhaus-Valzer</subfield>
    <subfield code="9">9118</subfield>
  </datafield>
  <datafield tag="700" ind1=" " ind2=" ">
    <subfield code="a">Reiter</subfield>
    <subfield code="g">Codice autore SPICS: 18011</subfield>
    <subfield code="e">Autore</subfield>
    <subfield code="p">In Munchen Steht Ein Hofbrauhaus-Valzer</subfield>
    <subfield code="9">9119</subfield>
  </datafield>
  <datafield tag="700" ind1=" " ind2=" ">
    <subfield code="a">Gabriel</subfield>
    <subfield code="g">Codice autore testo/musica SPICS: 27136</subfield>
    <subfield code="e">Autore testo/musica</subfield>
    <subfield code="p">In Munchen Steht Ein Hofbrauhaus-Valzer</subfield>
    <subfield code="9">9120</subfield>
  </datafield>
  <datafield tag="700" ind1=" " ind2=" ">
    <subfield code="a">De Lugg</subfield>
    <subfield code="g">Codice autore musica SPICS: 18012</subfield>
    <subfield code="e">Autore musica</subfield>
    <subfield code="p">Hoop-Dee-Doo (Polka)</subfield>
    <subfield code="9">9121</subfield>
  </datafield>
  <datafield tag="700" ind1=" " ind2=" ">
    <subfield code="a">Loesser Frank</subfield>
    <subfield code="g">Codice autore SPICS: 15672</subfield>
    <subfield code="e">Autore</subfield>
    <subfield code="p">Hoop-Dee-Doo (Polka)</subfield>
    <subfield code="9">9122</subfield>
  </datafield>
  <datafield tag="700" ind1=" " ind2=" ">
    <subfield code="a">Munsonius</subfield>
    <subfield code="g">Codice autore musica SPICS: 18013</subfield>
    <subfield code="e">Autore musica</subfield>
    <subfield code="p">Wenzel-Polka</subfield>
    <subfield code="9">9123</subfield>
  </datafield>
  <datafield tag="700" ind1=" " ind2=" ">
    <subfield code="a">Ackerman William</subfield>
    <subfield code="g">Codice autore SPICS: 15967</subfield>
    <subfield code="e">Autore</subfield>
    <subfield code="p">Wenzel-Polka</subfield>
    <subfield code="9">9124</subfield>
  </datafield>
  <datafield tag="700" ind1=" " ind2=" ">
    <subfield code="a">Manners Robert</subfield>
    <subfield code="g">Codice autore musica SPICS: 4246</subfield>
    <subfield code="e">Autore musica</subfield>
    <subfield code="p">Pennsylvania Polka</subfield>
    <subfield code="9">9125</subfield>
  </datafield>
  <datafield tag="700" ind1=" " ind2=" ">
    <subfield code="a">Lee A.R.</subfield>
    <subfield code="g">Codice autore SPICS: 10695</subfield>
    <subfield code="e">Autore</subfield>
    <subfield code="p">Pennsylvania Polka</subfield>
    <subfield code="9">9126</subfield>
  </datafield>
  <datafield tag="700" ind1=" " ind2=" ">
    <subfield code="a">Sieczynski</subfield>
    <subfield code="g">Codice autore musica SPICS: 15896</subfield>
    <subfield code="e">Autore musica</subfield>
    <subfield code="p">Vienna, City of My Dreams. Slow Waltz</subfield>
    <subfield code="9">9127</subfield>
  </datafield>
  <datafield tag="700" ind1=" " ind2=" ">
    <subfield code="a">Benatzky Ralph</subfield>
    <subfield code="g">Codice autore musica SPICS: 22727</subfield>
    <subfield code="e">Autore musica</subfield>
    <subfield code="p">Forever and a Day. Valzer</subfield>
    <subfield code="9">9128</subfield>
  </datafield>
  <datafield tag="700" ind1=" " ind2=" ">
    <subfield code="a">Latouche John</subfield>
    <subfield code="g">Codice autore SPICS: 18014</subfield>
    <subfield code="e">Autore</subfield>
    <subfield code="p">Forever and a Day. Valzer</subfield>
    <subfield code="9">9129</subfield>
  </datafield>
  <datafield tag="700" ind1=" " ind2=" ">
    <subfield code="a">Musel</subfield>
    <subfield code="g">Codice autore testo/musica SPICS: 18015</subfield>
    <subfield code="e">Autore testo/musica</subfield>
    <subfield code="p">Forever and a Day. Valzer</subfield>
    <subfield code="9">9130</subfield>
  </datafield>
  <datafield tag="700" ind1=" " ind2=" ">
    <subfield code="a">Anonimo</subfield>
    <subfield code="g">Codice autore musica SPICS: 2620</subfield>
    <subfield code="e">Autore musica</subfield>
    <subfield code="p">Clarinetten-Polka</subfield>
    <subfield code="9">9131</subfield>
  </datafield>
  <datafield tag="942" ind1=" " ind2=" ">
    <subfield code="c">MD</subfield>
    <subfield code="2">ddc</subfield>
  </datafield>
  <datafield tag="952" ind1=" " ind2=" ">
    <subfield code="0">0</subfield>
    <subfield code="1">0</subfield>
    <subfield code="4">0</subfield>
    <subfield code="6">24143_000000000000000</subfield>
    <subfield code="7">1</subfield>
    <subfield code="a">SPICS</subfield>
    <subfield code="b">SPICS</subfield>
    <subfield code="d">2013-10-25</subfield>
    <subfield code="l">0</subfield>
    <subfield code="o">24143</subfield>
    <subfield code="r">2013-10-25 00:00:00</subfield>
    <subfield code="w">2013-10-25</subfield>
    <subfield code="y">MD</subfield>
    <subfield code="z">Progr. Ins.: 4990 / N.Vol.: 1 / Copie: 1 - Copia rara: n.d. / date import: 01.01.2014 - By Epidotti, Trombetti, Vaglietti</subfield>
  </datafield>
</record>
